00426nam a22001577a 4500003000400000008004100004020001800045082002000063100002500083245005500108260002600163300001300189700002200202700002500224700001900249OSt250704b |||||||| |||| 00| 0 eng d a9788171641642 a631.30216bA31C aDr. K. Alagusundaram aCatalogue On Tools and Machinery Developed By ICAR aNew DelhibICARc2016 axiv,242p aDr. J. T. Sheriff aDr. Kanchan K. Singh aDr. G. Senthil